Southville International School and Colleges
Your cart is empty.
  • Cart
  • Lists
    Public lists Eva Luna New books Lux_list list_1
    Your lists Log in to create your own lists
  • Log in to your account
  • Your cookies
  • Search history
Southville International School and Colleges
  • Advanced search
  • Recent comments
  • Most popular
  • Libraries

Log in to your account

Log in with GOOGLE


If you do not have an external account, but do have a local account, you can still log in:

  1. Home
  2. MARC view: De Decamerone van Boccaccio
Normal view MARC view ISBD view

De Decamerone van Boccaccio (Record no. 248846)

[ view plain ]
MARC details
000 -LEADER
fixed length control field 00810cam a22002773a 4500
001 - CONTROL NUMBER
control field 19591
003 - CONTROL NUMBER IDENTIFIER
control field PGUSA
005 - DATE AND TIME OF LATEST TRANSACTION
control field 20140828083421.0
008 - FIXED-LENGTH DATA ELEMENTS--GENERAL INFORMATION
fixed length control field 061020s2006||||xxu|||||s|||||000 1 eng d
040 ## - CATALOGING SOURCE
Original cataloging agency PGUSA
Language of cataloging eng
042 ## - AUTHENTICATION CODE
Authentication code dc
050 #4 - LIBRARY OF CONGRESS CALL NUMBER
Classification number PQ
100 1# - MAIN ENTRY--PERSONAL NAME
Personal name Boccaccio, Giovanni,
Dates associated with a name 1313-1375
245 10 - TITLE STATEMENT
Title De Decamerone van Boccaccio
Medium [electronic resource] /
Statement of responsibility, etc Giovanni Boccaccio
260 ## - PUBLICATION, DISTRIBUTION, ETC. (IMPRINT)
Name of publisher, distributor, etc Project Gutenberg,
Date of publication, distribution, etc 2006
506 ## - RESTRICTIONS ON ACCESS NOTE
Terms governing access Public domain in the USA.
516 ## - TYPE OF COMPUTER FILE OR DATA NOTE
Type of computer file or data note Electronic text
653 ## - INDEX TERM--UNCONTROLLED
Uncontrolled term Storytelling -- Fiction
653 ## - INDEX TERM--UNCONTROLLED
Uncontrolled term Plague -- Europe -- History -- Fiction
653 ## - INDEX TERM--UNCONTROLLED
Uncontrolled term Frame-stories
653 ## - INDEX TERM--UNCONTROLLED
Uncontrolled term Allegories
700 1# - ADDED ENTRY--PERSONAL NAME
Personal name Rensburg, Jacques Karel,
Dates associated with a name 1870-1943
830 #0 - SERIES ADDED ENTRY--UNIFORM TITLE
Uniform title Project Gutenberg
Volume number/sequential designation 19591
856 40 - ELECTRONIC LOCATION AND ACCESS
Uniform Resource Identifier <a href="http://www.gutenberg.org/ebooks/19591">http://www.gutenberg.org/ebooks/19591</a>
942 ## - ADDED ENTRY ELEMENTS (KOHA)
Koha item type eBooks
Holdings
Withdrawn status Lost status Damaged status Home library Current library Date acquired Total Checkouts Date last seen Price effective from Koha item type
      Project Gutenberg Project Gutenberg 08/28/2014   08/28/2014 08/28/2014 eBooks

De Decamerone van Boccaccio

APA

Boccaccio G., Rensburg J. K., . (2006). De Decamerone van Boccaccio. : Project Gutenberg.

Chicago

Boccaccio Giovanni, Rensburg Jacques Karel, . 2006. De Decamerone van Boccaccio. : Project Gutenberg.

Harvard

Boccaccio G., Rensburg J. K., . (2006). De Decamerone van Boccaccio. : Project Gutenberg.

MLA

Boccaccio Giovanni, Rensburg Jacques Karel, . De Decamerone van Boccaccio. : Project Gutenberg. 2006.

  • Place hold
  • Print
  • Cite
  • Add to your cart (remove)
  • Save record
    BIBTEX Dublin Core MARCXML MARC (non-Unicode/MARC-8) MARC (Unicode/UTF-8) MARC (Unicode/UTF-8, Standard) MODS (XML) RIS
  • More searches
    Search for this title in:
    Other Libraries (WorldCat) Other Databases (Google Scholar) Online Stores (Bookfinder.com) Open Library (openlibrary.org)

Exporting to Dublin Core...

SOUTHVILLE LIBRARY

Southville International School and Colleges Library

1281 Tropical Ave. Cor. Luxembourg St., BF Homes International, Las Pinas City

Tel. No. 8256374 / 252358 Loc. 117/146

Powered by Koha